[Event "EJCOA IM 3rd"]
[Site "Ilkley"]
[Date "2022.02.25"]
[Round "5.2"]
[White "Claridge-Hansen, William"]
[Black "Eggleston, David"]
[Result "0-1"]
[WhiteElo "2338"]
[BlackElo "2343"]
[PlyCount "76"]
[EventDate "2022.02.23"]
[EventType "tourn"]
[EventRounds "9"]
[EventCountry "ENG"]
[EventCategory "4"]
[SourceTitle "BritBase"]
[Source "John Saunders"]
[SourceDate "2021.06.05"]
[SourceVersion "1"]
[SourceVersionDate "2021.06.05"]
[SourceQuality "1"]

1. Nf3 Nf6 2. d4 e6 3. Nbd2 d5 4. e3 c5 5. b3 Nc6 6. Bb2 Bd6 7. a3 O-O 8. dxc5
Bxc5 9. b4 Be7 10. c4 a6 11. Rc1 Bd7 12. Bd3 dxc4 13. Rxc4 Nd5 14. Qb1 h6 15.
Ne4 b5 16. Rc1 a5 17. g4 axb4 18. g5 bxa3 19. Bxg7 Kxg7 20. Qa1+ f6 21. Rg1 Kh8
22. Nh4 Rg8 23. Ke2 Be8 24. f3 Qb6 25. Rc5 hxg5 26. Rxd5 exd5 27. Nxg5 Nd4+ 28.
exd4 Rxg5 29. Nf5 Qe6+ 30. Kf2 Rxf5 31. Re1 Rxf3+ 32. Kxf3 Qh3+ 33. Kf2 Qxd3
34. Rxe7 Qd2+ 35. Kg3 Qg5+ 36. Kh3 Bd7+ 37. Rxd7 Qf5+ 38. Kh4 Qxd7 0-1

[Event "EJCOA IM 3rd"]
[Site "Ilkley"]
[Date "2022.02.25"]
[Round "5.3"]
[White "Royal, Shreyas"]
[Black "Camacho Collados, Jose"]
[Result "1/2-1/2"]
[WhiteElo "2272"]
[BlackElo "2400"]
[PlyCount "44"]
[EventDate "2022.02.23"]
[EventType "tourn"]
[EventRounds "9"]
[EventCountry "ENG"]
[EventCategory "4"]
[SourceTitle "BritBase"]
[Source "John Saunders"]
[SourceDate "2021.06.05"]
[SourceVersion "1"]
[SourceVersionDate "2021.06.05"]
[SourceQuality "1"]

1. d4 Nf6 2. c4 e6 3. Nf3 c5 4. d5 exd5 5. cxd5 d6 6. Nc3 g6 7. Nd2 Bg7 8. e4
O-O 9. Be2 Re8 10. O-O Nbd7 11. a4 g5 12. Nc4 Nxe4 13. Nxe4 Rxe4 14. Nxd6 Rd4
15. Qc2 Ne5 16. Nxc8 Rxc8 17. Rd1 g4 18. Be3 Rxd5 19. Qe4 Rxd1+ 20. Rxd1 Qb6
21. Bxg4 Nxg4 22. Qxg4 Qe6 1/2-1/2

[Event "EJCOA IM 3rd"]
[Site "Ilkley"]
[Date "2022.02.25"]
[Round "5.4"]
[White "Ashton, Adam"]
[Black "Macklin, Paul"]
[Result "1/2-1/2"]
[WhiteElo "2379"]
[BlackElo "2341"]
[PlyCount "22"]
[EventDate "2022.02.23"]
[EventType "tourn"]
[EventRounds "9"]
[EventCountry "ENG"]
[EventCategory "4"]
[SourceTitle "BritBase"]
[Source "John Saunders"]
[SourceDate "2021.06.05"]
[SourceVersion "1"]
[SourceVersionDate "2021.06.05"]
[SourceQuality "1"]

1. e4 c5 2. Nf3 d6 3. Bb5+ Nd7 4. a4 Ngf6 5. Nc3 g6 6. a5 Bg7 7. O-O a6 8. Bc4
O-O 9. d3 b5 10. axb6 Bb7 11. Bf4 Qxb6 1/2-1/2

[Event "EJCOA IM 3rd"]
[Site "Ilkley"]
[Date "2022.02.25"]
[Round "5.5"]
[White "Han, Yichen"]
[Black "Mannion, Stephen R"]
[Result "1-0"]
[WhiteElo "2347"]
[BlackElo "2281"]
[PlyCount "85"]
[EventDate "2022.02.23"]
[EventType "tourn"]
[EventRounds "9"]
[EventCountry "ENG"]
[EventCategory "4"]
[SourceTitle "BritBase"]
[Source "John Saunders"]
[SourceDate "2021.06.05"]
[SourceVersion "1"]
[SourceVersionDate "2021.06.05"]
[SourceQuality "1"]

1. d4 d5 2. Bf4 Nf6 3. e3 e6 4. Nf3 c5 5. Nbd2 Nc6 6. c3 Bd6 7. Bg3 O-O 8. Bd3
b6 9. Qe2 Bb7 10. Rd1 Ne7 11. e4 c4 12. Bc2 dxe4 13. Ng5 h6 14. Ngxe4 Nxe4 15.
Nxe4 Bxg3 16. hxg3 f5 17. Nd2 Bxg2 18. Rg1 Bd5 19. Nxc4 Bxc4 20. Qxc4 Nd5 21.
Kd2 Rc8 22. Qe2 Qd7 23. Rge1 Rfe8 24. Kc1 b5 25. Kb1 a5 26. g4 fxg4 27. Qxg4
Nf6 28. Qg6 Qf7 29. Qg2 Qd7 30. Rg1 Re7 31. Qg6 Kf8 32. d5 Qe8 33. d6 Rd7 34.
Qg3 Rc5 35. Bg6 Qd8 36. Qe3 Qc8 37. Qxe6 b4 38. cxb4 axb4 39. Rge1 Qd8 40. f4
Rc6 41. Re5 Qb8 42. Qe7+ Kg8 43. Qxd7 1-0

[Event "EJCOA IM 3rd"]
[Site "Ilkley"]
[Date "2022.02.26"]
[Round "6.1"]
[White "Urh, Zala"]
[Black "Mannion, Stephen R"]
[Result "1-0"]
[WhiteElo "2307"]
[BlackElo "2281"]
[PlyCount "63"]
[EventDate "2022.02.23"]
[EventType "tourn"]
[EventRounds "9"]
[EventCountry "ENG"]
[EventCategory "4"]
[SourceTitle "BritBase"]
[Source "John Saunders"]
[SourceDate "2021.06.05"]
[SourceVersion "1"]
[SourceVersionDate "2021.06.05"]
[SourceQuality "1"]

1. d4 d5 2. Nf3 Nf6 3. Bf4 e6 4. e3 c5 5. c3 Nc6 6. Bd3 Bd6 7. Bg3 O-O 8. Nbd2
b6 9. e4 Be7 10. e5 Nh5 11. Ng5 Bxg5 12. Qxh5 g6 13. Qe2 cxd4 14. h4 Bh6 15. h5
dxc3 16. bxc3 g5 17. O-O f5 18. exf6 Qxf6 19. Bb5 Bd7 20. Nf3 Rac8 21. Rae1
Qxc3 22. Rc1 Qf6 23. Bxc6 Rxc6 24. Rxc6 Bxc6 25. Ne5 Be8 26. Ng4 Qe7 27. Nxh6+
Kg7 28. Ng4 Bxh5 29. Be5+ Kf7 30. Qf3+ Ke8 31. Nf6+ Qxf6 32. Qxf6 1-0

[Event "EJCOA IM 3rd"]
[Site "Ilkley"]
[Date "2022.02.26"]
[Round "6.2"]
[White "Macklin, Paul"]
[Black "Han, Yichen"]
[Result "1/2-1/2"]
[WhiteElo "2341"]
[BlackElo "2347"]
[PlyCount "49"]
[EventDate "2022.02.23"]
[EventType "tourn"]
[EventRounds "9"]
[EventCountry "ENG"]
[EventCategory "4"]
[SourceTitle "BritBase"]
[Source "John Saunders"]
[SourceDate "2021.06.05"]
[SourceVersion "1"]
[SourceVersionDate "2021.06.05"]
[SourceQuality "1"]

1. e4 e5 2. Nf3 Nc6 3. Bc4 Nf6 4. d3 h6 5. a4 g5 6. Nc3 Bg7 7. Be3 d6 8. h4 g4
9. Nh2 Ne7 10. O-O c6 11. d4 Ng6 12. dxe5 Nxe5 13. Be2 Be6 14. Bd4 h5 15. Qd2
Nfd7 16. g3 Nb6 17. b3 Qf6 18. Rad1 O-O 19. f4 gxf3 20. Nxf3 Qg6 21. Qg5 Qxg5
22. hxg5 Bh3 23. Rfe1 Nbd7 24. Nxe5 Nxe5 25. Bxh5 1/2-1/2

[Event "EJCOA IM 3rd"]
[Site "Ilkley"]
[Date "2022.02.26"]
[Round "6.3"]
[White "Camacho Collados, Jose"]
[Black "Ashton, Adam"]
[Result "1/2-1/2"]
[WhiteElo "2400"]
[BlackElo "2379"]
[PlyCount "283"]
[EventDate "2022.02.23"]
[EventType "tourn"]
[EventRounds "9"]
[EventCountry "ENG"]
[EventCategory "4"]
[SourceTitle "BritBase"]
[Source "John Saunders"]
[SourceDate "2021.06.05"]
[SourceVersion "1"]
[SourceVersionDate "2021.06.05"]
[SourceQuality "1"]

1. Nf3 d5 2. g3 Nf6 3. Bg2 e6 4. O-O Be7 5. d3 O-O 6. Nbd2 Nc6 7. e4 dxe4 8.
dxe4 e5 9. Nc4 Qxd1 10. Rxd1 Nxe4 11. Nfxe5 Nxe5 12. Nxe5 Nd6 13. a4 a5 14. Bf4
Bf5 15. Re1 Rfe8 16. c4 g5 17. Bd2 Bf6 18. Bc3 Bxe5 19. Bxe5 Nxc4 20. Bxb7 Rab8
21. Bc3 Re6 22. Bf3 h6 23. g4 Rxe1+ 24. Rxe1 Be6 25. Kg2 Nb6 26. Bxa5 Nxa4 27.
b4 Nb6 28. h4 gxh4 29. Re5 Nc4 30. Rc5 Nxa5 31. bxa5 Rb4 32. a6 Ra4 33. Bb7
Bxg4 34. Rxc7 Be2 35. Rc6 Kg7 36. Rd6 Ra3 37. Kh2 Ra4 38. f4 Bxa6 39. Rxa6 Rxf4
40. Kh3 Kh7 41. Bc8 Kg7 42. Bg4 Kh7 43. Bh5 Kg7 44. Kg2 Kh7 45. Bf3 Kg7 46. Kf2
Rb4 47. Ke3 Rc4 48. Bd5 Rc7 49. Kf4 Rd7 50. Be4 Re7 51. Ra5 Re6 52. Rh5 Rf6+
53. Bf5 Rb6 54. Rxh4 Rb4+ 55. Be4 Rb5 56. Rh1 Rg5 57. Ra1 Rb5 58. Ra7 Rc5 59.
Rd7 Rc1 60. Ke5 Rf1 61. Rd2 Kf8 62. Bf5 Ra1 63. Be4 Rf1 64. Rh2 Kg7 65. Rg2+
Kf8 66. Bh7 Ra1 67. Rg8+ Ke7 68. Be4 Ra5+ 69. Bd5 f6+ 70. Ke4 Ra4+ 71. Ke3 Kd6
72. Be4 Ke5 73. Re8+ Kd6 74. Kf4 h5 75. Rf8 Ke7 76. Rh8 Ra5 77. Rc8 Ke6 78.
Rc6+ Ke7 79. Bf5 Ra4+ 80. Kg3 h4+ 81. Kf3 Ra5 82. Kg4 Ra4+ 83. Kh5 Rf4 84. Kg6
Rf3 85. Re6+ Kd8 86. Kxf6 Kc7 87. Ke5 h3 88. Be4 Re3 89. Rc6+ Kd7 90. Rh6 h2
91. Rxh2 Re1 92. Rh7+ Kd8 93. Kd5 Ke8 94. Bf5 Re7 95. Rh1 Kf7 96. Rh6 Re1 97.
Be4 Ra1 98. Ke5 Re1 99. Ra6 Re2 100. Ra7+ Ke8 101. Kd5 Kf8 102. Bf5 Re7 103.
Ra1 Kf7 104. Rf1 Kg7 105. Be6 Ra7 106. Ke5 Ra5+ 107. Bd5 Kg6 108. Rg1+ Kh5 109.
Ke4 Kh6 110. Bf7 Rg5 111. Rf1 Kg7 112. Bd5 Kg6 113. Rf8 Kg7 114. Rb8 Kf6 115.
Rb6+ Ke7 116. Be6 Rg1 117. Bh3 Re1+ 118. Kf5 Kd7 119. Bg2 Kc7 120. Ra6 Kd7 121.
Be4 Rf1+ 122. Ke5 Re1 123. Ra7+ Ke8 124. Kd4 Kf8 125. Kd5 Re2 126. Ra1 Ke7 127.
Rf1 Rd2+ 128. Ke5 Re2 129. Rh1 Re3 130. Rh7+ Ke8 131. Kd4 Re1 132. Bd5 Kf8 133.
Rf7+ Ke8 134. Kc5 Re5 135. Ra7 Re7 136. Ra8+ Kd7 137. Rb8 Kc7 138. Rb6 Kd8 139.
Be6 Rc7+ 140. Kd6 Rd7+ 141. Ke5 Rd2 142. Bd5 1/2-1/2

[Event "EJCOA IM 3rd"]
[Site "Ilkley"]
[Date "2022.02.26"]
[Round "6.4"]
[White "Eggleston, David"]
[Black "Royal, Shreyas"]
[Result "1/2-1/2"]
[WhiteElo "2343"]
[BlackElo "2272"]
[PlyCount "47"]
[EventDate "2022.02.23"]
[EventType "tourn"]
[EventRounds "9"]
[EventCountry "ENG"]
[EventCategory "4"]
[SourceTitle "BritBase"]
[Source "John Saunders"]
[SourceDate "2021.06.05"]
[SourceVersion "1"]
[SourceVersionDate "2021.06.05"]
[SourceQuality "1"]

1. e4 e5 2. Nf3 Nc6 3. Bb5 a6 4. Ba4 Nf6 5. O-O Be7 6. Re1 b5 7. Bb3 d6 8. h3
O-O 9. c3 Nb8 10. d4 Nbd7 11. Nbd2 Bb7 12. a4 Re8 13. Bc2 Bf8 14. d5 c6 15. c4
Qc7 16. b3 Rec8 17. Ra2 bxc4 18. bxc4 a5 19. Nb3 Ba6 20. Bd3 Rab8 21. dxc6 Qxc6
22. Nxa5 Qb6 23. Bd2 Rc5 24. Qb1 1/2-1/2

[Event "EJCOA IM 3rd"]
[Site "Ilkley"]
[Date "2022.02.26"]
[Round "6.5"]
[White "Willow, Jonah B"]
[Black "Claridge-Hansen, William"]
[Result "0-1"]
[WhiteElo "2365"]
[BlackElo "2338"]
[PlyCount "94"]
[EventDate "2022.02.23"]
[EventType "tourn"]
[EventRounds "9"]
[EventCountry "ENG"]
[EventCategory "4"]
[SourceTitle "BritBase"]
[Source "John Saunders"]
[SourceDate "2021.06.05"]
[SourceVersion "1"]
[SourceVersionDate "2021.06.05"]
[SourceQuality "1"]

1. e4 c6 2. d4 d5 3. e5 Bf5 4. Nd2 e6 5. Nb3 Nd7 6. Nf3 h6 7. Be2 a6 8. O-O c5
9. dxc5 Nxc5 10. Nxc5 Bxc5 11. Nd4 Bxd4 12. Qxd4 Bxc2 13. b3 Ne7 14. Ba3 Rc8
15. Rac1 Rc6 16. Qd2 Be4 17. Bxa6 Rxa6 18. Bxe7 Kxe7 19. Qb4+ Ke8 20. Qxb7 Ra8
21. Rc7 Rb8 22. Qa7 Ra8 23. Qc5 d4 24. Rc1 Bd5 25. Qxd4 Kf8 26. Qf4 Qe8 27.
Qb4+ Kg8 28. Re7 Qf8 29. Rcc7 Rxa2 30. h3 g5 31. Qb5 Ra8 32. Qd7 Rh7 33. b4 Rg7
34. Kh2 h5 35. Qb5 g4 36. hxg4 hxg4 37. Kg3 Rh7 38. Ra7 Rb8 39. Qd7 Rd8 40. Qc7
Rc8 41. Qd7 Rh3+ 42. gxh3 Rc3+ 43. f3 Rxf3+ 44. Kg2 gxh3+ 45. Kh2 Rf2+ 46. Kg1
Rg2+ 47. Kf1 h2 0-1

[Event "EJCOA IM 3rd"]
[Site "Ilkley"]
[Date "2022.02.26"]
[Round "7.1"]
[White "Claridge-Hansen, William"]
[Black "Urh, Zala"]
[Result "1-0"]
[WhiteElo "2338"]
[BlackElo "2307"]
[PlyCount "79"]
[EventDate "2022.02.23"]
[EventType "tourn"]
[EventRounds "9"]
[EventCountry "ENG"]
[EventCategory "4"]
[SourceTitle "BritBase"]
[Source "John Saunders"]
[SourceDate "2021.06.05"]
[SourceVersion "1"]
[SourceVersionDate "2021.06.05"]
[SourceQuality "1"]

1. c4 Nf6 2. Nc3 e5 3. Nf3 Nc6 4. g3 Bb4 5. Nd5 Bc5 6. d3 h6 7. Bg2 d6 8. O-O
Nxd5 9. cxd5 Ne7 10. d4 exd4 11. Nxd4 O-O 12. b3 a5 13. a3 Bg4 14. Bb2 Qd7 15.
Qd2 Rfe8 16. Qc3 f6 17. Rfe1 Ng6 18. Qc2 Nf8 19. e4 Re7 20. Nf5 Bxf5 21. exf5
Qe8 22. Qd2 Rxe1+ 23. Rxe1 Qh5 24. Re7 Qxf5 25. Be4 Qh5 26. Qc3 Qg5 27. Bc1 Qh5
28. Bb2 Qg5 29. h4 Qg4 30. Kg2 b5 31. f3 b4 32. Qd2 Qh5 33. Qf4 Qf7 34. Rxf7
Kxf7 35. a4 Re8 36. g4 Ng6 37. Bxg6+ Kxg6 38. Bd4 Bxd4 39. Qxd4 Kf7 40. Kf2 1-0

[Event "EJCOA IM 3rd"]
[Site "Ilkley"]
[Date "2022.02.26"]
[Round "7.2"]
[White "Royal, Shreyas"]
[Black "Willow, Jonah B"]
[Result "1/2-1/2"]
[WhiteElo "2272"]
[BlackElo "2365"]
[PlyCount "61"]
[EventDate "2022.02.23"]
[EventType "tourn"]
[EventRounds "9"]
[EventCountry "ENG"]
[EventCategory "4"]
[SourceTitle "BritBase"]
[Source "John Saunders"]
[SourceDate "2021.06.05"]
[SourceVersion "1"]
[SourceVersionDate "2021.06.05"]
[SourceQuality "1"]

1. d4 Nf6 2. c4 e6 3. Nf3 d5 4. g3 dxc4 5. Bg2 Bb4+ 6. Bd2 a5 7. a3 Bxd2+ 8.
Nbxd2 b5 9. b3 cxb3 10. Qxb3 c6 11. O-O O-O 12. Qb2 Bb7 13. Rfc1 Nbd7 14. Ne1
Nd5 15. Nd3 Qb6 16. Rab1 Rfc8 17. Ne4 Rc7 18. Nec5 Nxc5 19. Rxc5 Nf6 20. Ne5
Nd7 21. Nxd7 Rxd7 22. e3 Rc8 23. Qc2 Rd6 24. h4 Qd8 25. Be4 h6 26. Qe2 Rb8 27.
Qh5 Qf8 28. Qf3 f5 29. Bxc6 Rxc6 30. Rxc6 b4 31. axb4 1/2-1/2

[Event "EJCOA IM 3rd"]
[Site "Ilkley"]
[Date "2022.02.26"]
[Round "7.4"]
[White "Han, Yichen"]
[Black "Camacho Collados, Jose"]
[Result "0-1"]
[WhiteElo "2347"]
[BlackElo "2400"]
[PlyCount "92"]
[EventDate "2022.02.23"]
[EventType "tourn"]
[EventRounds "9"]
[EventCountry "ENG"]
[EventCategory "4"]
[SourceTitle "BritBase"]
[Source "John Saunders"]
[SourceDate "2021.06.05"]
[SourceVersion "1"]
[SourceVersionDate "2021.06.05"]
[SourceQuality "1"]

1. e4 e5 2. Nf3 Nf6 3. Nxe5 d6 4. Nf3 Nxe4 5. d4 d5 6. Bd3 Bd6 7. O-O O-O 8. c4
c6 9. Re1 Bg4 10. Bxe4 dxe4 11. Rxe4 f5 12. Re1 Bxf3 13. Qxf3 Qh4 14. h3 Qxd4
15. Qb3 Qb6 16. Qxb6 axb6 17. Be3 Be5 18. Nc3 Nd7 19. Red1 Nc5 20. Rac1 Rfd8
21. Rxd8+ Rxd8 22. Rd1 Rd3 23. Bxc5 Rxd1+ 24. Nxd1 bxc5 25. b3 Kf7 26. Kf1 Kf6
27. Ke2 g5 28. g3 h5 29. Ne3 f4 30. gxf4 Bxf4 31. Nf1 Ke5 32. Kf3 Kd4 33. Ng3
Bxg3 34. fxg3 Kd3 35. h4 g4+ 36. Kf2 Kd2 37. Kf1 Ke3 38. Kg2 Ke2 39. a3 Ke3 40.
b4 cxb4 41. axb4 Kd4 42. b5 Kxc4 43. bxc6 bxc6 44. Kf2 Kd3 45. Ke1 Ke3 46. Kd1
Kf3 0-1

[Event "EJCOA IM 3rd"]
[Site "Ilkley"]
[Date "2022.02.26"]
[Round "7.5"]
[White "Mannion, Stephen R"]
[Black "Macklin, Paul"]
[Result "1/2-1/2"]
[WhiteElo "2281"]
[BlackElo "2341"]
[PlyCount "73"]
[EventDate "2022.02.23"]
[EventType "tourn"]
[EventRounds "9"]
[EventCountry "ENG"]
[EventCategory "4"]
[SourceTitle "BritBase"]
[Source "John Saunders"]
[SourceDate "2021.06.05"]
[SourceVersion "1"]
[SourceVersionDate "2021.06.05"]
[SourceQuality "1"]

1. e4 c5 2. Nf3 d6 3. d4 cxd4 4. Nxd4 Nf6 5. Nc3 a6 6. Bd3 e5 7. Nde2 Be7 8.
O-O O-O 9. Ng3 Be6 10. Nd5 Bxd5 11. exd5 g6 12. c4 Nbd7 13. Bh6 Re8 14. Rc1 Nc5
15. Bb1 a5 16. b3 Rb8 17. f4 Bf8 18. Bxf8 Kxf8 19. fxe5 Rxe5 20. Qf3 Kg7 21.
Rf2 Qe7 22. Rcf1 Ncd7 23. Bf5 Rf8 24. Bxd7 Nxd7 25. Qc3 Kg8 26. Qxa5 f5 27. Qc7
Rf7 28. Qxb7 h5 29. a4 h4 30. Nh1 Nc5 31. Qxe7 Rfxe7 32. Rb2 Re3 33. Nf2 Nxb3
34. Nd1 Rd3 35. Nf2 Rc3 36. Nd1 Rd3 37. Nf2 1/2-1/2

[Event "EJCOA IM 3rd"]
[Site "Ilkley"]
[Date "2022.02.27"]
[Round "8.1"]
[White "Urh, Zala"]
[Black "Macklin, Paul"]
[Result "0-1"]
[WhiteElo "2307"]
[BlackElo "2341"]
[PlyCount "96"]
[EventDate "2022.02.23"]
[EventType "tourn"]
[EventRounds "9"]
[EventCountry "ENG"]
[EventCategory "4"]
[SourceTitle "BritBase"]
[Source "John Saunders"]
[SourceDate "2021.06.05"]
[SourceVersion "1"]
[SourceVersionDate "2021.06.05"]
[SourceQuality "1"]

1. d4 Nf6 2. c4 g6 3. Nc3 Bg7 4. e4 d6 5. h3 O-O 6. Be3 e5 7. d5 Na6 8. g4 Nc5
9. Qc2 c6 10. Nge2 cxd5 11. cxd5 Bd7 12. Ng3 Rc8 13. Qd2 a5 14. Be2 b5 15. f3
b4 16. Nd1 Ne8 17. h4 f5 18. gxf5 gxf5 19. Bg5 Qb6 20. exf5 Bxf5 21. Ne3 Bd7
22. h5 e4 23. Nc4 Qa7 24. Be3 exf3 25. h6 fxe2 26. hxg7 Rf3 27. Nxe2 Qa6 28. b3
Nf6 29. Rf1 Rxf1+ 30. Kxf1 Nce4 31. Qd4 Bh3+ 32. Kg1 Re8 33. Nf4 Qc8 34. Kh2
Bg4 35. Rg1 Qf5 36. Nd2 Qg5 37. Nf3 Qh6+ 38. Kg2 Bxf3+ 39. Kxf3 Qh2 40. Qd3 h6
41. Ne6 Qe5 42. Bf4 Qf5 43. Qb5 Rc8 44. Qb7 Rc3+ 45. Ke2 Qh5+ 46. Ke1 Rc2 47.
Qb5 Rxa2 48. Qb8+ Ne8 0-1

[Event "EJCOA IM 3rd"]
[Site "Ilkley"]
[Date "2022.02.27"]
[Round "8.2"]
[White "Camacho Collados, Jose"]
[Black "Mannion, Stephen R"]
[Result "1-0"]
[WhiteElo "2400"]
[BlackElo "2281"]
[PlyCount "87"]
[EventDate "2022.02.23"]
[EventType "tourn"]
[EventRounds "9"]
[EventCountry "ENG"]
[EventCategory "4"]
[SourceTitle "BritBase"]
[Source "John Saunders"]
[SourceDate "2021.06.05"]
[SourceVersion "1"]
[SourceVersionDate "2021.06.05"]
[SourceQuality "1"]

1. Nf3 d5 2. d4 Nf6 3. Bg5 Ne4 4. Bf4 c5 5. e3 Nc6 6. c3 Qb6 7. Qb3 c4 8. Qxb6
axb6 9. Nbd2 Nxd2 10. Nxd2 b5 11. e4 e6 12. Be2 f5 13. exd5 exd5 14. O-O Be6
15. a3 Be7 16. Nf3 h6 17. Rae1 g5 18. Bd1 Kd7 19. Ne5+ Nxe5 20. Bxe5 Rhg8 21.
f4 g4 22. Re3 Ra6 23. Bc2 h5 24. Rfe1 Rf8 25. h3 Rf7 26. Kf2 Rf8 27. Ke2 Rg8
28. hxg4 Rxg4 29. Kf2 h4 30. Kg1 Rg3 31. Rxg3 hxg3 32. Kf1 Ra8 33. Ke2 Rg8 34.
Rh1 Rg4 35. a4 bxa4 36. Bxa4+ Kd8 37. Rh6 Bg8 38. Bc2 Rh4 39. Rxh4 Bxh4 40.
Bxf5 Bf7 41. Kf3 b5 42. Bd6 Bh5+ 43. Bg4 Bf7 44. f5 1-0

[Event "EJCOA IM 3rd"]
[Site "Ilkley"]
[Date "2022.02.27"]
[Round "8.3"]
[White "Eggleston, David"]
[Black "Han, Yichen"]
[Result "0-1"]
[WhiteElo "2343"]
[BlackElo "2347"]
[PlyCount "98"]
[EventDate "2022.02.23"]
[EventType "tourn"]
[EventRounds "9"]
[EventCountry "ENG"]
[EventCategory "4"]
[SourceTitle "BritBase"]
[Source "John Saunders"]
[SourceDate "2021.06.05"]
[SourceVersion "1"]
[SourceVersionDate "2021.06.05"]
[SourceQuality "1"]

1. e4 c5 2. Nf3 e6 3. d4 cxd4 4. Nxd4 Nc6 5. Nc3 Qc7 6. Be3 a6 7. Qd2 Nf6 8.
O-O-O Be7 9. f3 b5 10. g4 Nxd4 11. Qxd4 Bb7 12. g5 Nh5 13. Kb1 Rc8 14. Qd2 g6
15. Bh3 b4 16. Ne2 d5 17. e5 O-O 18. Bg4 d4 19. Nxd4 Rfd8 20. Qf2 Bd5 21. Bxh5
gxh5 22. Rhg1 a5 23. b3 a4 24. Bc1 Bc5 25. Qe2 Qa7 26. Nb5 Qa5 27. Nd6 axb3 28.
cxb3 Ra8 29. Rxd5 exd5 30. Nb7 Qb6 31. Nxc5 Qxc5 32. Rd1 d4 33. Qe4 Ra6 34. f4
Qa7 35. Rd2 Qc5 36. Qd3 Rc6 37. Bb2 Qd5 38. Rd1 Qg2 39. f5 Rc5 40. e6 fxe6 41.
fxe6 Re5 42. e7 Rxe7 43. Qc4+ Rf7 44. Qxb4 Qe4+ 45. Ka1 Qe2 46. Re1 Rf1 47. Rc1
Rc8 48. Qa3 Rfxc1+ 49. Bxc1 Qd1 0-1

[Event "EJCOA IM 3rd"]
[Site "Ilkley"]
[Date "2022.02.27"]
[Round "8.4"]
[White "Willow, Jonah B"]
[Black "Ashton, Adam"]
[Result "1/2-1/2"]
[WhiteElo "2365"]
[BlackElo "2379"]
[PlyCount "43"]
[EventDate "2022.02.23"]
[EventType "tourn"]
[EventRounds "9"]
[EventCountry "ENG"]
[EventCategory "4"]
[SourceTitle "BritBase"]
[Source "John Saunders"]
[SourceDate "2021.06.05"]
[SourceVersion "1"]
[SourceVersionDate "2021.06.05"]
[SourceQuality "1"]

1. Nf3 d5 2. g3 Nf6 3. Bg2 e6 4. O-O Be7 5. c4 O-O 6. b3 b6 7. Bb2 c5 8. Nc3
Bb7 9. e3 Qc8 10. Qe2 Rd8 11. Rfd1 Nc6 12. cxd5 Nxd5 13. Nxd5 Rxd5 14. d4 cxd4
15. Nxd4 Nxd4 16. exd4 Rd7 17. d5 Bxd5 18. Rxd5 exd5 19. Bh3 Bf8 20. Qb5 Qc2
21. Qxd7 Qxb2 22. Rf1 1/2-1/2

[Event "EJCOA IM 3rd"]
[Site "Ilkley"]
[Date "2022.02.27"]
[Round "8.5"]
[White "Claridge-Hansen, William"]
[Black "Royal, Shreyas"]
[Result "1/2-1/2"]
[WhiteElo "2338"]
[BlackElo "2272"]
[PlyCount "127"]
[EventDate "2022.02.23"]
[EventType "tourn"]
[EventRounds "9"]
[EventCountry "ENG"]
[EventCategory "4"]
[SourceTitle "BritBase"]
[Source "John Saunders"]
[SourceDate "2021.06.05"]
[SourceVersion "1"]
[SourceVersionDate "2021.06.05"]
[SourceQuality "1"]

1. c4 e6 2. g3 Nf6 3. Bg2 d5 4. Nf3 Be7 5. O-O O-O 6. d4 c6 7. Qc2 b6 8. Nbd2
Bb7 9. e4 Na6 10. a3 c5 11. exd5 exd5 12. dxc5 Nxc5 13. b4 Ne6 14. Ne5 Qc7 15.
Bb2 Rac8 16. Rac1 Rfd8 17. Rfd1 d4 18. Bxb7 Qxb7 19. Ndf3 Nd7 20. Qf5 Nxe5 21.
Nxe5 Bf6 22. Ng4 Bg5 23. f4 Be7 24. Nf2 a5 25. Nd3 g6 26. Qh3 axb4 27. axb4 Ng7
28. Qg2 Qxg2+ 29. Kxg2 Nf5 30. Kf3 h5 31. Re1 Bf8 32. c5 bxc5 33. bxc5 Rb8 34.
Re4 Rb3 35. Ke2 Rdb8 36. Bxd4 Rd8 37. Rc4 Bg7 38. Bxg7 Kxg7 39. Ne1 Rb2+ 40.
Rc2 Rxc2+ 41. Nxc2 Rc8 42. Rc4 Kf6 43. Ne3 Nxe3 44. Kxe3 Ke6 45. Kd4 Rd8+ 46.
Ke4 f5+ 47. Ke3 Rc8 48. c6 Kd5 49. Rc2 Rxc6 50. Rxc6 Kxc6 51. Kd4 Kd6 52. h3
Ke6 53. Kc5 Ke7 54. Kd5 Kd7 55. Ke5 Ke7 56. Kd5 Kd7 57. Ke5 Ke7 58. h4 Kf7 59.
Kd6 Kf6 60. Kc5 Ke7 61. Kc6 Ke6 62. Kc5 Ke7 63. Kc4 Ke6 64. Kc5 1/2-1/2

[Event "EJCOA IM 3rd"]
[Site "Ilkley"]
[Date "2022.02.27"]
[Round "9.1"]
[White "Royal, Shreyas"]
[Black "Urh, Zala"]
[Result "1-0"]
[WhiteElo "2272"]
[BlackElo "2307"]
[PlyCount "145"]
[EventDate "2022.02.23"]
[EventType "tourn"]
[EventRounds "9"]
[EventCountry "ENG"]
[EventCategory "4"]
[SourceTitle "BritBase"]
[Source "John Saunders"]
[SourceDate "2021.06.05"]
[SourceVersion "1"]
[SourceVersionDate "2021.06.05"]
[SourceQuality "1"]

1. d4 Nf6 2. c4 e6 3. Nf3 c5 4. d5 b5 5. Bg5 exd5 6. cxd5 h6 7. Bxf6 Qxf6 8.
Qc2 c4 9. Nc3 Bb4 10. O-O-O Bxc3 11. Qxc3 Qxc3+ 12. bxc3 d6 13. Nd4 Bd7 14. e4
O-O 15. f3 Rc8 16. g4 g6 17. h4 a5 18. g5 h5 19. Bh3 Bxh3 20. Rxh3 b4 21. Kc2
Ra7 22. f4 Rc5 23. f5 Nd7 24. fxg6 fxg6 25. Rf3 Rb7 26. Rdf1 b3+ 27. Kb1 bxa2+
28. Kxa2 Rc8 29. Nc6 Re8 30. Rf7 Nc5 31. Rxb7 Nxb7 32. Rf6 Kg7 33. Nd4 Nc5 34.
Ne6+ Nxe6 35. dxe6 Rb8 36. e7 Re8 37. Rxd6 Rxe7 38. Rd4 Rc7 39. Ka3 Kf7 40. Ka4
Rc5 41. Rd5 Rc8 42. Kxa5 Ke6 43. Kb4 Rf8 44. Kxc4 Rf4 45. Kd4 Rxh4 46. c4 Rh1
47. Re5+ Kf7 48. Ra5 h4 49. Ra7+ Ke6 50. Rg7 Rd1+ 51. Ke3 h3 52. Rxg6+ Ke5 53.
Rh6 Re1+ 54. Kd3 Rxe4 55. Rxh3 Rg4 56. Kc3 Rxg5 57. Rd3 Rg8 58. c5 Rg4 59. Rd8
Rh4 60. Kb3 Ke6 61. c6 Rh7 62. Kb4 Rc7 63. Kb5 Ke7 64. Rd4 Rc8 65. Kb6 Rb8+ 66.
Ka7 Rb1 67. c7 Rc1 68. Kb7 Rb1+ 69. Kc8 Rc1 70. Rb4 Kd6 71. Rb6+ Ke7 72. Kb8
Kd7 73. Rb7 1-0